LEADER 00965nam0-22003131i-450- 001 990004619040403321 005 20061013115507.0 035 $a000461904 035 $aFED01000461904 035 $a(Aleph)000461904FED01 035 $a000461904 100 $a19990604g19799999km-y0itay50------ba 101 0 $aita 105 $ay-------001yy 200 1 $aStoria della scuola elementare in Italia$fEster De Fort 210 $aMilano$cFeltrinelli$d1979 215 $a242 p.$d23 cm 225 1 $a<>fatti e le idee$v434 327 0 $a001000115218$a2001$a1.: Dall'unita' all'eta' giolittiana. -1979 610 0 $aSCUOLA ELEMENTARE$aItalia$aRinnovamento 676 $a372.945$v21$zita 700 1$aDe Fort,$bEster$0140634 801 0$aIT$bUNINA$gRICA$2UNIMARC 901 $aBK 912 $a990004619040403321 952 $a372.94 DEF 1 (1)$bI.st.r.c.3168$fFLFBC 959 $aFLFBC 996 $aStoria della scuola elementare in Italia$9552931 997 $aUNINA LEADER 01236nam2 2200289 450 001 000043959 005 20180205131333.0 100 $a20180122d1934----km-y0itaa50------ba 101 0 $aita 102 $aIT 200 1 $aPiemonte$fEugenio Turbati 210 $aRoma$cTip. Operaia Romana$d1934 215 $a245 p., [4] carte di tav. ripieg.$cill.$d27 cm 225 2 $aStudi e monografie$fIstituto nazionale di economia agraria$v12 410 0$12001$aStudi e monografie$fIstituto nazionale di economia agraria$v12 461 1$1001000035751$12001$aInchiesta sulla piccola proprietà coltivatrice formatasi nel dopoguerra$v10 606 1 $aProprietà fondiaria$yItalia$z1931-1943 676 $a338.109451$v(22. ed.)$9Produzione. Agricoltura. Piemonte 700 1$aTurbati,$bEugenio$068132 801 0$aIT$bUniversità della Basilicata - B.I.A.$gREICAT$2unimarc 912 $a000043959 996 $aPiemonte$91532482 997 $aUNIBAS CAT $aSTD016$b01$c20180122$lBAS01$h1752 CAT $aTTM$b30$c20180205$lBAS01$h1313 FMT Z30 -1$lBAS01$LBAS01$mBOOK$1BASA2$APolo Tecnico-Scientifico$2FVIG$BFondo Viggiani$3FVig/41876$641876$5T41876$7Collocato presso la Scuola di Agraria$820180122$f35$FStanza riservata$hVol. 10